Joueurs Français ayant joué à Manchester United - Statistiques

Statistiques générales
  • Ce quiz a été pris 372 fois
  • Le résultat moyen est 7 sur 14
Statistiques - réponses
Ayant joué de Jusqu'à Club précédent Club suivant Nombre de matchs Joueurs % Correct
09.08.2016 11.07.2022 Juventus Turin Juventus Turin 233 Paul Pogba
95%
14.08.2021 28.07.2024 Real Madrid Como 1907 95 Raphaël Varane
85%
18.07.2024 LOSC Lille 36 Leny Yoro
84%
26.11.1992 18.05.1997 Leeds United Fin de carrière 185 Éric Cantona
82%
01.09.2015 25.01.2022 AS Monaco Séville FC 317 Anthony Martial
81%
10.01.2006 21.07.2014 AS Monaco Juventus Turin 379 Patrice Evra
75%
13.07.2015 12.01.2017 FC Southampton FC Everton 47 Morgan Schneiderlin
54%
01.07.2000 02.01.2004 AS Monaco Olympique de Marseille 139 Fabien Barthez
52%
30.08.2001 01.07.2003 Inter Milan Fin de carrière 75 Laurent Blanc
50%
23.01.2004 01.09.2008 FC Fulham FC Everton 124 Louis Saha
30%
10.09.1999 20.08.2008 Inter Milan Arsenal FC 361 Mikaël Silvestre
27%
08.07.2009 09.08.2011 FC Girondins de Bordeaux Newcastle United 27 Gabriel Obertan
22%
01.07.2003 17.08.2005 AFC Sunderland West Ham United 40 David Bellion
8%
29.12.1995 01.03.1996 FC Girondins de Bordeaux FC Girondins de Bordeaux 2 William Prunier
5%
Aucun quiz correspondant
Distribution des résultats
% des personnes avec chaque résultat
Percentile par nombre de réponses
Votre historique - résultats
Vous n’avez pas pris ce quiz